Normal view
MARC view
- Pakistan
Entry Geographic Name
001 - CONTROL NUMBER
- control field: 118581
003 - CONTROL NUMBER IDENTIFIER
- control field: NUST
005 - DATE AND TIME OF LATEST TRANSACTION
- control field: 20231104143652.0
008 - FIXED-LENGTH DATA ELEMENTS
- fixed length control field: 231104|| aca||aabn | a|a d
040 ## - CATALOGING SOURCE
- Original cataloging agency: NUST
- Transcribing agency: NUST
151 ## - HEADING--GEOGRAPHIC NAME
- Geographic name: Pakistan
- General subdivision: History
- Chronological subdivision: 21st century
670 ## - SOURCE DATA FOUND
- Source citation: Work cat.: (NUST)5164: Musharraf, Pervez. 13067, In the line of fire: a memoir, 2006.
